000 00489nam a2200169Ia 4500
003 GCL
008 140319s9999 xx 000 0 ara d
040 _aGCL /
_cGCL
082 0 4 _a629.2
_bا م
100 1 _aاحمد ناصف
245 1 0 _aمجموعتا التوجيه والتعليق فى الستارات (اسئله واجوبه) /
_cاحمد ناصف
300 _a167 ص
490 _a
650 0 4 _aالسيارات
650 0 4 _aصناعة السيارات
942 _2ddc
_cBK
999 _c44484
_d44484